| 000 | 00386nam a2200169Ia 4500 | ||
|---|---|---|---|
| 008 | 210210b1949 xxu||||| |||| 00| 0 eng d | ||
| 041 | _aeng | ||
| 082 | _a828/571 | ||
| 100 | _aSHAW (B) | ||
| 245 | _aSixteen self sketches | ||
| 260 |
_aLondon _bConstatble & Co Ltd. _c1949 |
||
| 650 | _asketches | ||
| 650 | _aSixteen | ||
| 650 | _aself | ||
| 690 | _aBiography | ||
| 906 | _a016416 | ||
| 999 |
_c135945 _d135945 |
||